000 00265nam a2200109Ia 4500
008 230411s9999 xx 000 0 und d
041 _aeng
082 _aEN/420/PAR/B02145
100 _aParkinson
_9144850
245 _aKey to Phonetic Symbols
999 _c153371
_d153371